00795nam a2200169Ia 4500003000900000008004100009040001600050080002200066111010700088245023400195260004100429300001500470650004100485650002200526700002900548710004800577IN-BaIIA211028s9999 xx 000 0 eng d cIIA Library a539.1(082.1)bTHE aInternational conference on photonic, electronic and atomic collisionsn5thcRussiad1967 July 17-23  4aThe physics of electronic and atomic collisionsbfifth International conference on photonic, electronic and atomic collisions, Leningrad, Russia, July 17-23, 1967cedited by Lewis M. Branscomb  aLeningradbV. I. C. P. E. A. Cc1967 axvi, 200p. aAstronomy and astrophysics thesaurus aAtomic collisions aBranscomb, Lewis M., ed. aJoint Institute for Laboratory Astrophysics